[Event "GER-chT North U12"]
[Site "Magdeburg"]
[Date "2013.09.12"]
[Round "1.3"]
[White "Trieu, David"]
[Black "Buchloh, Falk"]
[Result "1-0"]
[WhiteElo "1090"]
[BlackElo "1262"]
[PlyCount "41"]
[EventDate "2013.09.12"]
[EventType "team-swiss"]
[EventRounds "7"]
[EventCountry "GER"]
[SourceTitle "EXT 2014"]
[Source "ChessBase"]
[SourceDate "2013.11.20"]
[SourceVersion "1"]
[SourceVersionDate "2013.11.20"]
[SourceQuality "1"]
[WhiteTeam "Falkenberg"]
[BlackTeam "Hagen"]
[WhiteTeamCountry "GER"]
[BlackTeamCountry "GER"]

1. c4 e5 2. Nc3 Bc5 3. Nf3 Nc6 4. e3 Bb4 5. Bd3 Bxc3 6. bxc3 Nf6 7. e4 d6 8. 0-0 h6 9. h3 g5 10. Kh2 g4 11. Nh4 gxh3 12. gxh3 Ng4+ 13. hxg4 Qxh4+ 14. Kg2 Bxg4 15. Rh1 Bh3+ 16. Rxh3 Rg8+ 17. Rg3 0-0-0 18. Ba3 Rxg3+ 19. fxg3 Rg8 20. Qf3 Qf4 21. Rd1 1-0